00606nam a22001697a 450000500170000001000150001702000270003203500140005903700130007308200180008610000170010424501330012126000450025427000640029930000230036350000500038620200303155229.0 aENG-127956 a9780199489763c1250.00 aEN-111488 bDBAD/PUB a331.129161073 aRay,Panchali aPolitics of precarity : bgendered subjects and the health care industry in contemporary Kolkata by Ray, Panchali/cPanchali,Ray aNew Delhiboxford University Pressc2019 a2/11 Ground floor, Ansari Road,DaryaganjbNew Delhie500029 aix;265p.c22cm(hb) ainclude bibliographical references and index